000 00447nam a2200181Ia 4500
005 20240823014009.0
008 240823s9999||||xx |||||||||||||| ||und||
041 _aENGLISH
082 _A371.334 M4
100 _a"Hudson,Keith"
245 0 _aIntroducing CAL (Computer Assistered learning)
250 _a1st
260 _c1984
_b"Chapman and Hall,New York"
500 _aYES
650 _aTeaching
_bGeneral
942 _cBK
999 _c168827
_d168827